000 00295nam a22001337a 4500
008 181224b xxu||||| |||| 00| 0 eng d
020 _a9780534246365
041 _aeng
080 _29th
_a510
100 _a36
101 _aMAT
245 _aModern Mathematics
_cWheeler,R.E
942 _2udc
_cBK
999 _c53718
_d53718